000 00454nam a2200133 4500
999 _c14179
_d14179
008 190903b ||||| |||| 00| 0 eng d
082 _aDPer 050 T48 Apr-June 2016 v. 187 n. 12-24
100 _939304
_aBaker, Aryn.
245 _aA vicious police cracksdown has Kenya on the edge/
_cAryn Baker.
260 _aHong Kong:
_bTime Asia,
_cc2016.
300 _av187 n20, page 13:
_billustrations;
_c27 cm.
650 _aDemonstrations.
_937454
942 _2ddc
_cPER